| 000 | 03438nab a22007217 4500 | ||
|---|---|---|---|
| 003 | AR-RoUNA | ||
| 005 | 20250220115513.0 | ||
| 008 | 241216b |||||||| |||| 00| 0 spa d | ||
| 022 | _a0327-9022 | ||
| 040 |
_aAR-RoUNA _bspa |
||
| 041 | _aspa | ||
| 044 | _aag | ||
| 245 | 0 | 0 | _aSumma+ |
| 260 |
_aBuenos Aires (Argentina): _cDonn SA, _b1993. |
||
| 300 |
_a160 p. : _bil. byn. _bplanos _c26x23 cm. |
||
| 505 | 0 | _tINDICE | |
| 505 | 0 | _tARQUITECTURA | |
| 505 | 0 | _a Venturi, Scott Brown & Associates,/ UNIVERSIDAD E INFORMALIDAD. p.50 | |
| 505 | 0 | _aJuan Manuel Borthagaray, Mederico Faivre / RECUPERAR PARA LA EDUCACION / Universidad Nacional de Quilmes. p.58 | |
| 505 | 0 | _aFernando Diez / EL TEATRO DE LA ESCUELA. p.64 | |
| 505 | 0 | _tCIUDAD Y ECOLOGIA | |
| 505 | 0 | _aJuan José Güiraldes / ESTANCIAS, POBLADOS FUNDADORES. p.69 | |
| 505 | 0 | _tARQUITECTURA | |
| 505 | 0 | _aMarcelo Rizzo / DOS NAVES EN EL MUELLE / Casa en Colonia, Uruguay. p.74 | |
| 505 | 0 | _tDISEÑO | |
| 505 | 0 | _aFernando Diez / LA ACADEMIA DOMUS EN BUENOS AIRES. p.80 | |
| 505 | 0 | _tCOMUNICACION SOCIAL | |
| 505 | 0 | _aCayetana Mercé / ARQUITECTURA EFIMERA / Exposición Hierros, Ferros, Irons. p.84 | |
| 505 | 0 | _aStands para exposiciones comerciales / EXPERIENCIAS BREVES. p.90 | |
| 505 | 0 | _aMolina, Stöberl, Martí / EFECTIVIDAD ARTIFICIALIDAD / Escenografía para televisión. p.94 | |
| 505 | 0 | _tARTE | |
| 505 | 0 | _aJorge Glusberg / BERNI EN EL MUSEO DE BELLAS ARTES. p.96 | |
| 505 | 0 | _tDISEÑO DE INTERIORES | |
| 505 | 0 | _a14ª edición de Casa FOA / CASA FOA EN PUNTA CHICA. p.102 | |
| 505 | 0 | _tOTRA MIRADA AL DISEÑO URBANO | |
| 505 | 0 | _aCarlos Gotlieb / PARIS: ESPACIO PUBLICO Y PAISAJE / Parque Citroën / Parque de Bercy. p.116 | |
| 505 | 0 | _aAlfonso Corona Martínez / LA INVENCION DE MIAMI / Dos proyectos en Miami. p.124 | |
| 505 | 0 | _aCesar Pelli y Asociados, Diana Balmori, paisajismo / EL MASTER PLAN DE LA UNIVERSIDAD / Plan maestro para la Universidad de Texas. p.130 | |
| 505 | 0 | _tFRAGMENTOS | |
| 505 | 0 | _aLeon Krier / ELECCION O FATALIDAD / Libro ¨Architecture, choix ou fatalité¨. p.134 | |
| 505 | 0 | _aUniversity of Miami School of Architecture / LA NUEVA CIUDAD / Libro ¨The New city 3, Madem Cities¨. p.135 | |
| 505 | 0 | _aRettaroli - Eguiguren - Alvarez - Cohen - Rubioli / LOS BARRIO PUEBLOS DE LA CIUDAD DE CORDOBA. p.136 | |
| 505 | 0 | _aLucía Mascaró / AMBIENCIA URBANA URBAN ENVIRONMENT. p.136 | |
| 505 | 0 | _aAlberto Varas / Equipo de investigación Buenos Aires 2000 / BUENOS AIRES METROPOLIS. p.137 | |
| 505 | 0 | _tFRAGMENTOS | |
| 505 | 0 | _tLECTURAS | |
| 505 | 0 | _aAlfonso Corona Martínez / VENTURI DIXIT. p.148 | |
| 505 | 0 | _aArmando Torio / PENSAR PROYECTO / UNIVERSITARIAS / Catedra Armando Torio. p.150 | |
| 505 | 0 | _tTEXTURAS | |
| 505 | 0 | _aRoberto Fernández / TEATRO DE LA ARQUITECTURA. p.152 | |
| 505 | 0 | _aLucía Paula Lucca / MUESTRA DE ARQUITECTURA Y DECORACION EN CRODOBA. p.153 | |
| 505 | 0 | _aNicolás D´Angelo / APUNTES A MANO ALZADA / ESTACION RETIRO. p.154 | |
| 505 | 0 | _tNOTICIAS | |
| 505 | 0 | _tREVELACIONES | |
| 505 | 0 | _aMario Sabugo. p.159 | |
| 505 | 0 | _tPOST SCRIPTUM | |
| 505 | 0 | _aJosep Maria Montaner / EL LABORATORIO NECESARIO. p.160 | |
| 773 | 0 |
_aSumma+: _dBuenos Aires, Argentina _gNº28 (dic 1997 - ene 1998 ) p.160 _x0327-9022 |
|
| 908 | _aImp | ||
| 942 |
_2udc _cART |
||
| 945 | _d2022-07-08 | ||
| 980 |
_6138 _aCarolina Rainero _gCarolina Rainero _8138 |
||
| 999 |
_c11783 _d11783 |
||